Music Quiz

Random Music Quiz
Score 0/164 Timer 10:00
0 Plays Today
% Correct
a
98.2%
the
92.7%
The
92.7%
the
92.7%
the
92.7%
the
92.7%
the
92.7%
the
92.7%
the
92.7%
the
92.7%
the
92.7%
the
92.7%
you
90.9%
H
90.9%
you
90.9%
you
90.9%
you
90.9%
you
90.9%
you
90.9%
you
90.9%
And
88.2%
it
87.3%
it,
87.3%
be
85.5%
be
85.5%
be
85.5%
We
84.5%
We
84.5%
We
84.5%
We
84.5%
In
80%
love
80%
in
80%
in
80%
love
80%
is
76.4%
is
76.4%
for
71.8%
your
71.8%
can
71.8%
Your
71.8%
for
71.8%
for
71.8%
for
71.8%
When
69.1%
no
68.2%
no
68.2%
no
68.2%
No
68.2%
No
68.2%
no
68.2%
No
68.2%
No
68.2%
No
68.2%
No
68.2%
% Correct
No
68.2%
No
68.2%
No
68.2%
No
68.2%
what
66.4%
what
66.4%
what
66.4%
All
61.8%
are
58.2%
are
58.2%
how
56.4%
She
54.5%
want
54.5%
she
54.5%
We're
53.6%
We're
53.6%
We're
53.6%
Don't
50%
Don't
50%
There
48.2%
there
48.2%
not
47.3%
They
46.4%
have
43.6%
need
39.1%
our
38.2%
our
38.2%
our
38.2%
man
37.3%
man
37.3%
Oh
35.5%
There's
23.6%
there's
23.6%
being
21.8%
ain't
20.9%
mad
20.9%
about
17.3%
about
17.3%
seems
16.4%
sin?
16.4%
told
15.5%
told
15.5%
made
14.5%
mean
13.6%
'cause
13.6%
mean
13.6%
God
12.7%
God
12.7%
God
12.7%
God
12.7%
God
12.7%
God
12.7%
God
12.7%
God
12.7%
God
12.7%
% Correct
God
12.7%
queen
11.8%
queen
11.8%
queen
11.8%
queen,
11.8%
queen,
11.8%
queen
11.8%
queen,
11.8%
save
10.9%
save
10.9%
save
10.9%
save
10.9%
save
10.9%
save
10.9%
save
10.9%
human
9.1%
future
9.1%
future,
9.1%
future,
9.1%
future
9.1%
money
9.1%
future,
9.1%
human
9.1%
future
9.1%
future
9.1%
future
9.1%
future
9.1%
future
9.1%
future
9.1%
future
9.1%
future
9.1%
future
9.1%
future
9.1%
England's
6.4%
bomb
5.5%
fascist
4.5%
regime
4.5%
dreaming
4.5%
moron
3.6%
saves
2.7%
tourists
2.7%
saves
2.7%
Potential
1.8%
mercy
1.8%
figurehead
0.9%
history
0.9%
parade
0.9%
Lord,
0.9%
crimes
0.9%
paid
0.9%
flowers
0.9%
dustbin
0.9%
poison
0.9%
machine
0.9%
Remove Ads.
Support Sporcle.
Get the best of Sporcle when you Go Orange. This ad-free experience offers more features, more stats, and more fun while also helping to support Sporcle. Thank you for becoming a member.

You're not logged in!

Compare scores with friends on all Sporcle quizzes.
OR
Log In

Sporcle TV

Today on Sporcle TV


Watch our educational content, quiz creation guides, and fun videos on Sporcle TV.

Show Comments

Extras

Top Quizzes Today


Score Distribution

Paid Content

Your Account Isn't Verified!

In order to create a playlist on Sporcle, you need to verify the email address you used during registration. Go to your Sporcle Settings to finish the process.

Report this User

Report this user for behavior that violates our Community Guidelines.

Details: